Predicting the potential distribution of frugivorous birds in the western ghats under future climate change scenario using maxent modeling (Record no. 5818)

MARC details
000 -LEADER
fixed length control field 00637nam a22001817a 4500
003 - CONTROL NUMBER IDENTIFIER
control field OSt
005 - DATE AND TIME OF LATEST TRANSACTION
control field 20220107122833.0
008 - FIXED-LENGTH DATA ELEMENTS--GENERAL INFORMATION
fixed length control field 170809b xxu||||| |||| 00| 0 eng d
040 ## - CATALOGING SOURCE
Transcribing agency IIITMK
100 ## - MAIN ENTRY--PERSONAL NAME
Personal name Karthy, S (91716008)
9 (RLIN) 12746
245 ## - TITLE STATEMENT
Title Predicting the potential distribution of frugivorous birds in the western ghats under future climate change scenario using maxent modeling
300 ## - PHYSICAL DESCRIPTION
Extent MPHEI - Main Project
502 ## - DISSERTATION NOTE
Degree type MPHIL EI
Name of granting institution 2016-2017
Year degree granted EXT
-- Aravind Madhyastha N A<br/>Associate professor,ATREE<br/>
650 ## - SUBJECT ADDED ENTRY--TOPICAL TERM
Topical term or geographic name entry element BIODIVERSITY
9 (RLIN) 12747
650 ## - SUBJECT ADDED ENTRY--TOPICAL TERM
Topical term or geographic name entry element WESTERN GHATS
9 (RLIN) 12748
650 ## - SUBJECT ADDED ENTRY--TOPICAL TERM
Topical term or geographic name entry element CLIMATE CHANGE
9 (RLIN) 12749
942 ## - ADDED ENTRY ELEMENTS (KOHA)
Source of classification or shelving scheme Dewey Decimal Classification
Koha item type
Holdings
Withdrawn status Lost status Source of classification or shelving scheme Damaged status Not for loan Collection code Home library Current library Shelving location Date acquired Total Checkouts Barcode Date last seen Price effective from Koha item type
    Dewey Decimal Classification     Non Fiction IIITM-K Kerala University of Digital Sciences, Innovation and Technology Knowledge Centre   09/08/2017   R-1317 09/08/2017 09/08/2017 Project Reports